HEARING LOSS CLINICAL DIAGNOSIS AND MANAGEMENT (Record no. 31349)

MARC details
000 -LEADER
fixed length control field 00424nam a22001697a 4500
003 - CONTROL NUMBER IDENTIFIER
control field SGT
020 ## - INTERNATIONAL STANDARD BOOK NUMBER
International Standard Book Number 97918887401720
082 ## - DEWEY DECIMAL CLASSIFICATION NUMBER
Classification number 617.8
Item number H22B
100 ## - MAIN ENTRY--PERSONAL NAME
Personal name BARRY, PETER
245 ## - TITLE STATEMENT
Title HEARING LOSS CLINICAL DIAGNOSIS AND MANAGEMENT
250 ## - EDITION STATEMENT
Edition statement 1ST
260 ## - PUBLICATION, DISTRIBUTION, ETC. (IMPRINT)
Place of publication, distribution, etc USA
Name of publisher, distributor, etc AMERICAN MEDICAL PUB
Year of Publication 2022
300 ## - PAGE DESCRIPTION
No. of Pages 233
650 ## - SUBJECT ADDED ENTRY--TOPICAL TERM
Topical term or geographic name as entry element AUDIOLOGY
653 ## - KEYWORDS--INDEX TERM
Keyword term HEARING LOSS CLINICAL DIAGNOSIS AND MANAGEMENT
942 ## - ADDED ENTRY ELEMENTS (KOHA)
Source of classification or shelving scheme Dewey Decimal Classification
Koha item type Books
Holdings
Withdrawn status Lost status Source of classification or shelving scheme Damaged status Not for loan Collection code Home library Current library Shelving location Date acquired Vendor Name Cost, normal purchase price SGTU Bill Number Total Checkouts Full call number Accession No. (Barcode) Date last seen Bill Date Koha item type
    Dewey Decimal Classification   Not For Loan MEDICAL SGT Medical Library SGT Medical Library Reference Book 14/05/2025 ABC DELHI 13980.00 SGTU 21139   617.8 H22B FM15490 12/06/2025 14/05/2025 Books